|
|
|
|
| LEADER |
01602nam a2200361 a 4500 |
| 001 |
mzk03000556941 |
| 003 |
CZ BrMZK |
| 005 |
20090512150120.0 |
| 008 |
000105s1535 sz fr|||||00| ||latod |
| 040 |
|
|
|a BOA001
|b cze
|
| 072 |
|
7 |
|a 094
|x Staré tisky
|2 Konspekt
|9 12
|
| 080 |
|
|
|a (0.068)094
|2 MRF
|
| 100 |
1 |
|
|a Bullinger, Heinrich,
|d 1504-1575
|7 skuk0001895
|4 aut
|
| 245 |
1 |
0 |
|a Adversus omnia catabaptistarum prava dogmata lib. IIII. :
|b Catalogum ac indicem capitum, de quibus in hisce libris disputatur, uersis aliquot paginis inuenies. ... /
|c Heinrychi Bullingeri per Leonem Iudae aucti adeo ut priorem aeditionem uix agnoscas
|
| 260 |
|
|
|a Tiguri :
|b apud Christiphorum Froschoverum,
|c 1535
|
| 300 |
|
|
|a [8], 197 listů ;
|c 8°
|
| 500 |
|
|
|a Výzdoba: Iniciály
|
| 510 |
4 |
|
|a Index Aureliensis,
|c 127.204
|
| 561 |
|
|
|a Provenience: Georgius Lismannus Augustanus 24 Decemb. 1585
|
| 561 |
|
|
|a Provenience: Poznámka o ceně z r.1535: 3 batzen
|
| 561 |
|
|
|a Provenience: Sum Ottmari Stabii
|
| 561 |
|
|
|a Provenience: malé exlibris Jos.G.A. Szalatnay
|
| 563 |
|
|
|a Původní kožená vazba s ornamentální slepotiskovou výzdobou, vnější orámování palmety s obloučky, ve vnitřním putti
|
| 655 |
|
7 |
|a staré tisky
|7 fd422076
|2 czenas
|
| 700 |
1 |
|
|a Jud, Leo,
|d 1482-1542
|7 mzk2009532590
|4 edt
|
| 903 |
|
|
|a RP
|
| 910 |
|
|
|a BOA001
|b ST1-0050.397
|
| 978 |
|
|
|b Froschauer, Christoph I
|a Zürich
|c 1535
|
| 985 |
|
|
|a 1501-1550
|
| 990 |
|
|
|a BK
|
| 993 |
|
|
|a Y
|
| 991 |
|
|
|k mzk
|
| 996 |
6 |
|
|b 2619714771
|c ST1-0050.397
|l stud. ST
|r Sklad / do násl. otevíracího dne
|n 0
|w 000556941
|u 000010
|a 1
|e BOA001
|s P
|